Central Library OPAC University of Rajshahi
Normal view MARC view

Entry Personal Name

Number of records used in: 13

001 - CONTROL NUMBER

  • control field: 5890

003 - CONTROL NUMBER IDENTIFIER

  • control field: BD-RjUL

005 - DATE AND TIME OF LATEST TRANSACTION

  • control field: 20221117131509.0

008 - FIXED-LENGTH DATA ELEMENTS

  • fixed length control field: 221117|| aca||aabn | a|a d

040 ## - CATALOGING SOURCE

  • Original cataloging agency: BD-RjUL
  • Transcribing agency: BD-RjUL

100 ## - HEADING--PERSONAL NAME

  • Personal name: বেগম, এস. এম. আনোয়ারা

670 ## - SOURCE DATA FOUND

  • Source citation: Work cat.: (BD-RjUL)80796: বেগম, এস. এম. আনোয়ারা , মাদার অব হিউম্যানিটি শেখ হাসিনা / , ২০২০